Pokémon Word Scramble - Unova - Statistics

General Stats
  • This quiz has been taken 45 times
  • The average score is 13 of 21
Answer Stats
Pokémon % Correct
Alomomola
100%
Archeops
100%
Audino
100%
Axew
100%
Basculin
100%
Carracosta
100%
Conkeldurr
100%
Cubchoo
100%
Darumaka
100%
Deerling
100%
Dewott
100%
Druddigon
100%
Duosion
100%
Elgyem
100%
Emboar
100%
Fraxure
100%
Golurk
100%
Gurdurr
100%
Haxorus
100%
Herdier
100%
Joltik
100%
Klang
100%
Klink
100%
Klinklang
100%
Krokorok
100%
Krookodile
100%
Lilligant
100%
Litwick
100%
Meloetta
100%
Minccino
100%
Munna
100%
Pansage
100%
Petilil
100%
Pignite
100%
Reshiram
100%
Sawk
100%
Servine
100%
Sewaddle
100%
Sigilyph
100%
Snivy
100%
Solosis
100%
Stunfisk
100%
Swoobat
100%
Tepig
100%
Throh
100%
Tranquill
100%
Tympole
100%
Unfezant
100%
Victini
100%
Volcarona
100%
Vullaby
100%
Watchog
100%
Woobat
100%
Zebstrika
100%
Zekrom
100%
Zoroark
100%
Zorua
100%
Zweilous
100%
Keldeo
80%
Lillipup
80%
Pansear
80%
Tynamo
80%
Deino
75%
Yamask
75%
Amoonguss
67%
Chandelure
67%
Cinccino
67%
Crustle
67%
Drilbur
67%
Genesect
67%
Golett
67%
Jellicent
67%
Mienfoo
67%
Purrloin
67%
Roggenrola
67%
Scolipede
67%
Scraggy
67%
Vanillish
67%
Whirlipede
67%
Emolga
60%
Mandibuzz
60%
Reuniclus
60%
Beheeyem
50%
Bisharp
50%
Blitzle
50%
Braviary
50%
Cobalion
50%
Cottonee
50%
Ducklett
50%
Durant
50%
Dwebble
50%
Eelektross
50%
Ferroseed
50%
Frillish
50%
Galvantula
50%
Gigalith
50%
Gothita
50%
Heatmor
50%
Lampent
50%
Larvesta
50%
Liepard
50%
Oshawott
50%
Palpitoad
50%
Pawniard
50%
Pidove
50%
Scrafty
50%
Stoutland
50%
Terrakion
50%
Timburr
50%
Trubbish
50%
Vanilluxe
50%
Virizion
50%
Mienshao
43%
Cryogonal
40%
Karrablast
40%
Venipede
40%
Eelektrik
33%
Ferrothorn
33%
Gothorita
33%
Hydreigon
33%
Rufflet
33%
Seismitoad
33%
Simisear
33%
Tirtouga
33%
Tornadus
33%
Vanillite
33%
Whimsicott
33%
Musharna
25%
Bouffalant
20%
Gothitelle
20%
Samurott
20%
Swadloon
20%
Accelgor
0%
Archen
0%
Beartic
0%
Boldore
0%
Cofagrigus
0%
Darmanitan
0%
Escavalier
0%
Excadrill
0%
Foongus
0%
Garbodor
0%
Kyurem
0%
Landorus
0%
Leavanny
0%
Maractus
0%
Panpour
0%
Patrat
0%
Sandile
0%
Sawsbuck
0%
Serperior
0%
Shelmet
0%
Simipour
0%
Simisage
0%
Swanna
0%
Thundurus
0%
No matching quizzes found
Score Distribution
Percent of People with Each Score
Percentile by Number Answered
Your Score History
You have not taken this quiz